Statistics for Only Name 1 - From 10 to 1 - Board Games

Click here to take the quiz!

General Stats

  • This quiz has been taken 24 times
  • The average score is 8 of 10

Answer Stats

HintAnswer% Correct
6 Chess PiecesKing / Queen / Rook / Bishop / Knight / Pawn
100%
2 Colors in CheckersRed / Black
100%
4 Sorry! ColorsGreen / Blue / Red / Yellow
95%
1 Value of "Blackjack"21
91%
5 Battleship ShipsAircraft Carrier / Battleship / Cruiser / Submarine / Destroyer
86%
9 Cluedo RoomsKitchen / Ballroom / Conservatory / Billiard Room / Library / Study / Hall / Lounge / Dining Room
86%
10 Poker HandsRoyal Flush / Straight Flush / Four of a Kind / Full House / Flush / Straight / Three of a Kind / Two Pair / Pair / High Card
86%
8 Current Monopoly PiecesDog / Cat / Battleship / Penguin / Rubber Ducky / Top Hat / Race Car / Thimble
68%
7 Lower Section Yahtzee CategoriesThree of a Kind / Four of a Kind / Full House / Small Straight / Large Straight / Yahtzee / Chance
68%
3 Risk UnitsSoldier / Cavalry / Artillery
59%

Score Distribution

Percentile by Number Answered

Percent of People with Each Score

Your Score History

You have not taken this quiz